Prodej problémovým zákazníkům klíč k vyjednávání a přesvědčování

Enregistré dans:
Détails bibliographiques
Auteur principal: Caron, Nicolas
Autres auteurs: Černá, Eva, Desbrosseová, Ludmila
Format: Livre
Langue:tchèque
Publié: Praha Grada Publishing 2012
Édition:2. české vydání
Sujets:
Tags: Ajouter un tag
Pas de tags, Soyez le premier à ajouter un tag!

MARC

LEADER 00000nam a2200000 4500
001 0252868
005 20240313090312.4
020 |a 978-80-247-4049-2 
041 0 |a cze 
044 |a CZ 
245 1 0 |a Prodej problémovým zákazníkům  |b klíč k vyjednávání a přesvědčování  |c Nicolas Caron 
250 |a 2. české vydání 
264 1 |a Praha  |b Grada Publishing  |c 2012 
300 |a 269 s. 
610 2 0 |a predaj 
610 2 0 |a odbyt 
610 2 0 |a zákazníci 
610 2 0 |a vyjednávanie 
610 2 0 |a ponuka 
610 2 0 |a ceny 
610 2 0 |a psychológia predaja 
100 1 |a Caron, Nicolas 
700 1 |a Černá, Eva 
700 1 |a Desbrosseová, Ludmila